Tribalism and the plural society: an inaugural lecture given in the University College of Rhodesia and Nyasaland on 2 October 1959 (Record no. 374106)

000 -LEADER
fixed length control field 00524cam a22001457a 4500
008 - FIXED-LENGTH DATA ELEMENTS--GENERAL INFORMATION
fixed length control field 180718b1960 xxu||||| |||| 00| 0 eng d
082 ## - DEWEY DECIMAL CLASSIFICATION NUMBER
Classification number BA27x6 M694
100 ## - MAIN ENTRY--PERSONAL NAME
Personal name Mitchell, J.C.
245 ## - TITLE STATEMENT
Title Tribalism and the plural society: an inaugural lecture given in the University College of Rhodesia and Nyasaland on 2 October 1959
Statement of responsibility, etc. by J.C. Mitchell
260 ## - PUBLICATION, DISTRIBUTION, ETC.
Place of publication, distribution, etc. London
Name of publisher, distributor, etc. Oxford University Press
Date of publication, distribution, etc. 1960
300 ## - PHYSICAL DESCRIPTION
Extent 36p.
500 ## - GENERAL NOTE
General note 4/-
650 ## - SUBJECT ADDED ENTRY--TOPICAL TERM
Topical term or geographic name entry element Tribes and Tribal System - africa
650 ## - SUBJECT ADDED ENTRY--TOPICAL TERM
Topical term or geographic name entry element Anthropology, Social - Africa
Holdings
Withdrawn status Lost status Damaged status Not for loan Permanent Location Current Location Date acquired Full call number Barcode Date last seen Price effective from Koha item type
        Indian Institute of Public Administration Indian Institute of Public Administration 1994-06-25 BA27x6 M694 26896 2018-07-21 2018-07-21 Book

Powered by Koha